LEADER 00844cam0 22002771 450 001 SOBE00068691 005 20250404092212.0 010 $a9788843084746 100 $a20211129d2016 |||||ita|0103 ba 101 $aita 102 $aIT 200 1 $aVico$fManuela Sanna 210 $aRoma$cCarocci$d2016 215 $a167 p.$d22 cm 225 2 $aPensatori$v41 410 1$1001SOBE00068692$12001 $a*Pensatori$v41 700 1$aSanna$b, Manuela$3AF00016777$4070$0168703 801 0$aIT$bUNISOB$c20250404$gRICA 850 $aUNISOB 852 $aUNISOB$j100$m175178 912 $aSOBE00068691 940 $aM 102 Monografia moderna SBN 941 $aM 957 $a100$b011550$gSI$d175178$n20211125$racquisto$tV$1menle$2UNISOB$3UNISOB$420211129125454.0$520250404092212.0$6Spinosa$f1. ristampa, 2018 996 $aVico$91475514 997 $aUNISOB